000 00744nam a2200241 i 4500
001 74541
003 BD-RjUL
005 20211209082552.0
008 181023t19621953n a|||| i||| 001 0 eng d
035 _a(BD-RjUL)74759
040 _aBD-RjUL
_beng
_cBD-RjUL
041 _aeng
082 _223
_a338.9
_bFII 1953
100 1 _aFilipetti, George
_9224065
245 0 1 _aIndustrial Management in Trasition /
_cGeorge Filipetti,
250 _aRevised Edition
264 _aHomewood ; Illinois :
_bRichard D. Irwin ,
_cc1953 [Printing 1962]
300 _aXv , 344 p. :
_billustration
_c23 cm
490 _aIrwin series in Industrial Engineering And Management
500 _aIncludes Index
650 _aEconomic Policy
_9224066
942 _2ddc
_cBK
999 _c74541
_d74541